Matham Paschathya Pourasthya Rajaingalil (Record no. 307)
[ view plain ]
| 000 -LEADER | |
|---|---|
| fixed length control field | 00303cam a2200121ua 4500 |
| 082 ## - DEWEY DECIMAL CLASSIFICATION NUMBER | |
| Classification number | 291 |
| Item number | RAD/MA |
| 100 ## - MAIN ENTRY--AUTHOR NAME | |
| Personal name | Radhakrishnan, S . |
| 245 ## - TITLE STATEMENT | |
| Title | Matham Paschathya Pourasthya Rajaingalil |
| 250 ## - EDITION STATEMENT | |
| Edition statement | 1 / |
| 260 ## - PUBLICATION, DISTRIBUTION, ETC. (IMPRINT) | |
| Place of publication | Eranamkulam : |
| Name of publisher | C.I.C.C book house , |
| Year of publication | 1967. |
| 300 ## - PHYSICAL DESCRIPTION | |
| Number of Pages | 195 ; . |
| 942 ## - ADDED ENTRY ELEMENTS (KOHA) | |
| Koha item type | Books |
| Withdrawn status | Lost status | Damaged status | Home library | Current library | Date acquired | Full call number | Accession Number | Koha item type |
|---|---|---|---|---|---|---|---|---|
| Withdrawn | Damaged | KAUAET | KAUAET | 07/04/2012 | 291 | 10277 | Books |
